[Event "BL9697 (Women)"]
[Site "Germany"]
[Date "1996.??.??"]
[Round "?"]
[White "Kucypera, Anna"]
[Black "Jahn, Constanze"]
[Result "1/2-1/2"]
[WhiteElo "2020"]
[BlackElo "2225"]

1.e4 c5 2.Nf3 e6 3.d4 cxd4 4.Nxd4 a6 5.Nc3 Qc7 6.g3 Nf6 7.Bg2 Be7 8.O-O d6
9.Be3 Nc6 10.f4 O-O 11.Nb3 Rb8 12.a4 b6 13.g4 Rd8 14.g5 Nd7 15.Rf3 Nf8 16.h4 Bb7
17.h5 d5 18.exd5 Nb4 19.Qe2 Nxd5 20.Nxd5 Bxd5 21.Rf2 Qb7 22.Bd4 Bxg2 23.Rxg2 Rd5
24.c3 Bd6 25.Qe3 Rf5 26.Rf1 Qc7 27.Rg4 b5 28.a5 Qc8 29.Bxg7 e5 30.Bxf8 exf4
31.Qe4 Kxf8 32.Nd4 Rd5 33.Rg2 Qc5 34.Qxh7 Be5 35.Kh1 Bg7 36.Rxf4 Qd6 37.Rf5 Rxd4
38.cxd4 Qxd4 39.Qg6 Qh4+ 40.Rh2 Qe1+ 41.Kg2 Qe2+ 42.Kh3 Qe3+ 43.Kh4 Qe4+
44.Kh3 Qe3+  1/2-1/2

[Event "BL9697 (Women)"]
[Site "Germany"]
[Date "1996.??.??"]
[Round "?"]
[White "Grabarska, Barbara"]
[Black "Fichtner, Kathrin"]
[Result "1/2-1/2"]
[WhiteElo "2165"]
[BlackElo "2140"]

1.e4 c5 2.Nf3 e6 3.d4 cxd4 4.Nxd4 a6 5.Nc3 Qc7 6.g3 Nc6 7.Bg2 Nf6 8.O-O Be7
9.Re1 O-O 10.Nxc6 dxc6 11.e5 Nd5 12.Qg4 f5 13.exf6 Bxf6 14.Ne4 Bd4 15.c3 Nf6
16.Nxf6+ Bxf6 17.Be3 Qa5 18.Qc4 Qb5 19.Qb3 Qxb3 20.axb3 e5 21.Bb6 Bf5 22.Be4 Be6
23.c4 Rfe8 24.Rad1 Bd8 25.Bc5  1/2-1/2

[Event "Bodensee-Cup"]
[Site "Germany"]
[Date "1996.??.??"]
[Round "2"]
[White "Vuckovic, Aleksandar"]
[Black "Vatter, Hans Joachim"]
[Result "1-0"]
[WhiteElo "2290"]
[BlackElo "2350"]

1.e4 c5 2.Nf3 e6 3.Nc3 a6 4.d4 cxd4 5.Nxd4 Qc7 6.Bd3 Nf6 7.O-O d6 8.Kh1 Nbd7
9.a4 b6 10.Bg5 Qc5 11.Be3 Qc7 12.Qe2 Be7 13.f4 Bb7 14.Bg1 g6 15.Rae1 e5 16.Nf3 O-O
17.fxe5 dxe5 18.Be3 Rfc8 19.Ng5 Bb4 20.Bd2 h6 21.Nh3 Bf8 22.Nf2 Bg7 23.Ng4 Nxg4
24.Qxg4 h5 25.Qe2 Nf8 26.Be3 Ne6 27.Qf2 Nd4 28.Ne2 Qd7 29.Rd1 Rc6 30.Bg5 Rf8
31.c3 Nxe2 32.Qxe2 Rd6 33.Bc2 f6 34.Be3 Rxd1 35.Rxd1 Qc7 36.Bb3+ Kh7 37.Bd5 Rb8
38.c4 Bc8 39.Qf2 f5 40.exf5 Bxf5 41.b4 a5 42.b5 Bg4 43.Rf1 Bf5 44.c5 bxc5
45.Bxc5 e4 46.Be3 Qd6 47.Qf4 Qf8 48.Kg1 Rd8 49.Bxe4 Bxe4 50.Qxe4 Re8 51.Qc6 Qg8
52.Bf4 Qf7 53.Be3 Qg8 54.Bf2 Rc8 55.Qa6 Rc2 56.Qxa5 Qd5 57.Qa7 Qc4 58.h3 Ra2
59.Re1 Rxa4 60.Qd7 Ra2 61.Re7 Qf4 62.Rxg7+ Kh8 63.Rh7+ Kg8 64.Qg7+  1-0

[Event "Goch op"]
[Site "Goch"]
[Date "1996.??.??"]
[Round "2"]
[White "Frericks, Harald"]
[Black "Podzielny, Karl Heinz"]
[Result "0-1"]
[WhiteElo "2050"]
[BlackElo "2490"]

1.e4 c5 2.Nf3 e6 3.d4 cxd4 4.Nxd4 a6 5.Nc3 Qc7 6.g3 Nf6 7.Bg2 d6 8.O-O Nbd7
9.Qe2 Rb8 10.a4 b6 11.f4 Bb7 12.f5 e5 13.Nb3 h5 14.Rd1 Rc8 15.Bg5 Be7 16.Rd2 Qb8
17.Rad1 Rc7 18.Bf3 Qc8 19.Nc1 Rxc3 20.bxc3 Qxc3 21.Na2 Qc6 22.c4 Qxa4 23.Nc3 Qb4
24.Bxf6 Nxf6 25.Nd5 Bxd5 26.cxd5 O-O 27.Qxa6 Nxe4 28.Bxe4 Qxe4 29.Qd3 Qg4
30.Re2 Rc8 31.Qe4 Qg5 32.Rc2 Rxc2 33.Qxc2 Qg4 34.Re1 Qd4+ 35.Qf2 Qxd5 36.Qxb6 Bg5
37.Qf2 Qd3 38.Kg2 h4 39.gxh4 Bf4 40.Qf3 Qxf5 41.Re2 g6 42.h3 Kg7 43.Qg4 Kf6
44.Rb2 Qe4+ 45.Qf3 Qxf3+ 46.Kxf3 Ke6 47.Rb1 Bh6 48.Ra1 Bf8 49.Ra8 Be7 50.Rh8 d5
51.h5 e4+ 52.Ke3 gxh5 53.Rxh5 f5 54.h4 Ke5 55.Rh7 d4+ 56.Kf2 Bf6 57.h5 d3
58.h6 Kf4 59.Rf7 e3+ 60.Kf1 e2+  0-1

[Event "Goetzis op"]
[Site "Goetzis"]
[Date "1996.??.??"]
[Round "2"]
[White "Kranebitter, Gerhard"]
[Black "Braun, Christian"]
[Result "0-1"]
[WhiteElo "1840"]
[BlackElo "2200"]

1.e4 c5 2.Nf3 e6 3.d4 cxd4 4.Nxd4 a6 5.Nc3 Qc7 6.Be2 b5 7.a3 Bb7 8.f4 d6
9.Be3 Be7 10.Bf3 Nd7 11.O-O Ngf6 12.Qe1 Nc5 13.Bf2 O-O 14.Rd1 Rfd8 15.Kh1 Rac8
16.Bh4 Na4 17.Nxa4 bxa4 18.e5 dxe5 19.fxe5 Nd5 20.Be4 Bxh4 21.Qxh4 h6 22.Qf2 Rd7
23.Rde1 Nb6 24.Bxb7 Qxb7 25.c3 Nc4 26.Re2 Qd5 27.Qf4 Rb8 28.Rff2 Rdb7 29.h3 Nxb2
30.Rxb2 Rxb2 31.Qxf7+ Kh8 32.Nxe6 Rb1+ 33.Kh2 Qxe5+ 34.Rf4 R1b7 35.Qg6 Rb6  0-1

[Event "Goetzis op"]
[Site "Goetzis"]
[Date "1996.??.??"]
[Round "4"]
[White "Studer, Kurt"]
[Black "Welsh, Michael"]
[Result "0-1"]
[WhiteElo "1720"]
[BlackElo "2155"]

1.e4 c5 2.Nf3 e6 3.d4 cxd4 4.Nxd4 a6 5.Nc3 Qc7 6.Be2 b5 7.a3 Bb7 8.f4 Nf6
9.Bf3 d6 10.Be3 Be7 11.O-O O-O 12.g4 Nc6 13.g5 Nd7 14.Qe2 Rfe8 15.Bg2 Rac8
16.Nxc6 Qxc6 17.Rfd1 Nb6 18.h4 Nc4 19.Bc1 Nb6 20.Rd3 d5 21.exd5 exd5 22.Qf1 Bc5+
23.Kh1 Qe6 24.Bd2 Qg4 25.Rh3 Nc4 26.Bc1 d4 27.Bxb7 Re1 28.Qxe1 Qxh3+ 29.Kg1 dxc3+
30.Qf2 Qg3+ 31.Bg2 Qxf2+ 32.Kh2 cxb2  0-1

[Event "Koop Tjuchem op"]
[Site "Groningen"]
[Date "1996.??.??"]
[Round "7"]
[White "Wang Zili"]
[Black "Skomorokhin, Roman"]
[Result "1/2-1/2"]
[WhiteElo "2535"]
[BlackElo "2450"]

1.e4 c5 2.Nf3 e6 3.d4 cxd4 4.Nxd4 a6 5.Nc3 Qc7 6.g3 Nf6 7.Bg2 d6 8.O-O Be7
9.g4 O-O 10.g5 Ne8 11.a4 Nc6 12.Kh1 Nxd4 13.Qxd4 e5 14.Qd1 Be6 15.f4 exf4
16.Bxf4 Rc8 17.Qd2 Qd7 18.b3 Nc7 19.Rf3 d5 20.Nxd5 Nxd5 21.exd5 Qxd5 22.Qxd5 Bxd5
23.Rf2 Rfd8 24.c4 Bxg2+ 25.Kxg2 f6 26.Re1 Bb4 27.Re6 Rc6 28.Rxc6 bxc6 29.gxf6 gxf6
30.Bg3 Kf7 31.Be5 Be7 32.Bc3 Rd3 33.Rf3 Rxf3 34.Kxf3 Ke6 35.b4 Bd6 36.h3 Bf8
37.Bd2 Ke5 38.b5 cxb5 39.cxb5 axb5 40.axb5 Kd5 41.Kg4 Kc5 42.Kf5 Kxb5 43.Kxf6 Kc6
44.Kf7 Bd6 45.Kg7 Bg3  1/2-1/2

[Event "Hamburg HSK-B"]
[Site "Hamburg"]
[Date "1996.??.??"]
[Round "6"]
[White "Meyer, Falko"]
[Black "Stephan, Axel"]
[Result "0-1"]
[WhiteElo "2305"]
[BlackElo "2185"]

1.e4 c5 2.Nf3 e6 3.Nc3 a6 4.d4 cxd4 5.Nxd4 d6 6.Bc4 Nf6 7.Bb3 Nbd7 8.Qe2 Nc5
9.g4 b5 10.f3 Bb7 11.Be3 Be7 12.O-O-O Nfd7 13.a3 Qa5 14.Bd2 Nxb3+ 15.Nxb3 Qc7
16.Rhg1 O-O 17.g5 Rfc8 18.f4 a5 19.Qxb5 Bxe4 20.Qe2 d5 21.Nd4 Nc5 22.Be3 Rab8
23.Rg3 Qb7 24.Qb5 Qa8 25.Qe2 Qb7 26.Qb5 Qxb5 27.Ndxb5 Rxb5 28.Nxb5 Nb3+ 29.Kb1 Bxc2+
30.Ka2 Bxd1 31.Nc3 d4  0-1

[Event "ROM-chT"]
[Site "Herculane"]
[Date "1996.??.??"]
[Round "?"]
[White "Vasiesiu, Cristina"]
[Black "Marin Ionescu, Luiza"]
[Result "0-1"]
[WhiteElo "2145"]
[BlackElo "2240"]

1.e4 c5 2.Nf3 e6 3.d4 cxd4 4.Nxd4 a6 5.Nc3 d6 6.Be2 Nf6 7.Bg5 Be7 8.Qd3 Nbd7
9.f4 Qc7 10.O-O-O O-O 11.Qg3 Kh8 12.Rhe1 Nc5 13.Bf3 e5 14.Nf5 Bxf5 15.exf5 Ncd7
16.Bxf6 Bxf6 17.Nd5 Qc4 18.b3 Qc5 19.Nxf6 Rac8 20.Re2 gxf6 21.Be4 Rg8 22.Qd3 exf4
23.Qxd6 Qxd6 24.Rxd6 Nc5 25.Bf3 Kg7 26.b4 Na4 27.Re7 Rcd8 28.Rxd8 Rxd8 29.Rxb7 Nc3
30.Kb2 Nd5 31.Bh5 Ne3 32.Bxf7 Rd2 33.Bd5+ Kh6 34.Bg8 Rxc2+ 35.Kb3 Rxg2 36.Rxh7+ Kg5
37.Bd5 Rd2 38.Bf3 Nxf5 39.h4+ Kg6 40.Ra7 Nd4+  0-1

[Event "ROM-chT"]
[Site "Herculane"]
[Date "1996.??.??"]
[Round "?"]
[White "Nevednichy, Vladislav"]
[Black "Ungureanu, Emil"]
[Result "1-0"]
[WhiteElo "2525"]
[BlackElo "2300"]

1.e4 c5 2.Nf3 a6 3.Nc3 e6 4.d4 cxd4 5.Nxd4 b5 6.Bd3 Bb7 7.O-O Bc5 8.Nb3 Be7
9.a3 d6 10.f4 Nd7 11.Qe2 Qc7 12.f5 exf5 13.Nd4 Bf6 14.Nxf5 Ne7 15.Bf4 Nxf5
16.exf5+ Be5 17.Ne4 f6 18.Qh5+ Ke7 19.Rae1 Raf8 20.Nc3 Nc5 21.Be2 Kd8 22.Bd2 g6
23.Qh3 Ne4 24.Nxe4 Bxe4 25.Bd3 gxf5 26.Bxe4 fxe4 27.Rxe4 Re8 28.Qf3 Bxb2
29.Rg4 Rhg8 30.Rxg8 Rxg8 31.Ba5 Qxa5 32.Qa8+ Kd7 33.Qxg8 Qxa3 34.Qxh7+ Kc6  1-0

[Event "ROM-ch"]
[Site "Herculane"]
[Date "1996.??.??"]
[Round "2"]
[White "Florean, Andrei"]
[Black "Lupu, Mircea Sergiu"]
[Result "0-1"]
[WhiteElo "2375"]
[BlackElo "2480"]

1.e4 c5 2.Nf3 a6 3.d4 cxd4 4.Nxd4 e6 5.Nc3 Qc7 6.Bd3 Nc6 7.Nb3 Nf6 8.O-O d6
9.Qe2 g6 10.Bg5 Bg7 11.f4 O-O 12.Rf2 b5 13.a3 h5 14.f5 Ne5 15.fxg6 fxg6 16.h3 Bd7
17.Raf1 Nh7 18.Be3 Rxf2 19.Qxf2 Rf8 20.Qg3 Rxf1+ 21.Bxf1 Be8 22.Bd4 Nf8 23.Qe3 Nfd7
24.Kf2 Kh7 25.Ke1 Bh6 26.Qf2 Nc6 27.Be3 Bg7 28.Qd2 Nde5 29.Nd4 Nxd4 30.Bxd4 Bc6
31.Qe3 Qf7 32.Bd3 Bh6 33.Qf2 Qe7 34.Be3 Bg7 35.Kd1 Qb7 36.Bb6 Nc4 37.Bxc4 bxc4  0-1

[Event "ROM-ch"]
[Site "Herculane"]
[Date "1996.??.??"]
[Round "3"]
[White "Moldovan, Daniel"]
[Black "Nisipeanu, Liviu Dieter"]
[Result "1/2-1/2"]
[WhiteElo "2400"]
[BlackElo "2500"]

1.e4 c5 2.Nc3 e6 3.Nf3 a6 4.d4 cxd4 5.Nxd4 d6 6.Be2 Nf6 7.f4 Qc7 8.Bf3 Be7
9.Be3 Nc6 10.Qe2 O-O 11.O-O-O  1/2-1/2

[Event "HUN-chT2 9596"]
[Site "HUN"]
[Date "1996.??.??"]
[Round "8"]
[White "Szaszak, Andras"]
[Black "Frank, Jozsef"]
[Result "1-0"]
[WhiteElo "2280"]
[BlackElo "2335"]

1.e4 c5 2.Nf3 e6 3.d4 cxd4 4.Nxd4 a6 5.Nc3 b5 6.Bd3 Bb7 7.O-O Nc6 8.Be3 d6
9.Nxc6 Bxc6 10.f4 b4 11.Ne2 Nf6 12.Ng3 h5 13.Qf3 Qc7 14.f5 e5 15.Bg5 h4 16.Nh1 Qb7
17.Nf2 d5 18.Bxf6 gxf6 19.exd5 Bxd5 20.Be4 Bxe4 21.Nxe4 Qb6+ 22.Kh1 Rd8 23.Rad1 Be7
24.Rxd8+ Qxd8 25.Rd1 Qc8 26.c3 bxc3 27.bxc3 Kf8 28.h3 Kg7 29.Kh2 Rd8 30.Qg4+ Kh7
31.Qxh4+ Kg7 32.Qg4+ Kh7 33.Rxd8 Bxd8 34.h4 Qc6 35.Qe2 Be7 36.Kh3 Bf8 37.Qd3 Bg7
38.c4 Bh6 39.Qd5 Qc7 40.Nxf6+ Kh8  1-0

[Event "HUN-chT1 9596"]
[Site "HUN"]
[Date "1996.??.??"]
[Round "9"]
[White "Besztercsenyi, Tibor"]
[Black "Fancsy, Imre"]
[Result "1/2-1/2"]
[WhiteElo "2275"]
[BlackElo "2365"]

1.e4 c5 2.Nf3 e6 3.d4 cxd4 4.Nxd4 a6 5.Nc3 Qc7 6.Be2 b5 7.a3 Bb7 8.O-O Nf6
9.Bf3 d6 10.Re1 Be7 11.Be2 O-O 12.Bf1 Re8 13.f4 Nbd7 14.Nb3 Rac8 15.Kh1 Bf8
16.h3 g6 17.Qe2 e5 18.fxe5 Nxe5 19.Qf2 Bg7 20.Bg5 Nfd7 21.Rad1 Nb6 22.Nd2 Ned7
23.Be3 Nc5 24.Bd4 Be5 25.Nf3 Nca4 26.Bxe5 dxe5 27.Nxa4 Nxa4 28.c3 Red8 29.Bd3 Nc5
30.Qe3 Rd7 31.Bc2 Rcd8 32.Rxd7 Rxd7 33.Qh6 f6 34.b4 Ne6 35.Bb3 Rd6 36.Bc2 Qg7  1/2-1/2

[Event "HUN-chT2 9596"]
[Site "HUN"]
[Date "1996.??.??"]
[Round "9"]
[White "Parkanyi, Attila"]
[Black "Sax, Gyula"]
[Result "1-0"]
[WhiteElo "2325"]
[BlackElo "2535"]

1.e4 c5 2.Nf3 e6 3.d4 cxd4 4.Nxd4 a6 5.Nc3 d6 6.Be2 b5 7.a3 Bb7 8.O-O Nf6
9.Bd3 Nbd7 10.f4 g6 11.Qe2 Bg7 12.Be3 O-O 13.Kh1 Rc8 14.Bg1 e5 15.Nb3 exf4
16.Rxf4 Nh5 17.Rff1 Be5 18.Qg4 Ndf6 19.Qf3 Qd7 20.Rad1 Ng4 21.Nd5 Bxd5 22.exd5 Bxb2
23.Nd4 Ne5 24.Qe2 Rce8 25.Qd2 Qc7 26.Qg5 Qe7 27.Qd2 Ng4 28.Nf3 Qc7 29.Qb4 Qc3
30.Qxg4 Qxa3 31.Qh4 Bf6 32.Qh3 Qc3  1-0

[Event "HUN-chT1 9596"]
[Site "HUN"]
[Date "1996.??.??"]
[Round "10"]
[White "Grabics, Monika"]
[Black "Medvegy, Nora"]
[Result "1/2-1/2"]
[WhiteElo "2315"]
[BlackElo "2235"]

1.e4 c5 2.Nf3 e6 3.d4 cxd4 4.Nxd4 a6 5.Nc3 Qc7 6.f4 b5 7.a3 Bb7 8.Bd3 Bc5
9.Be3 d6 10.Qg4 Kf8 11.O-O Nf6 12.Qh3 h5 13.Kh1 Ng4 14.Bg1 Kg8 15.Be2 Nf6
16.Bf3 e5 17.fxe5 dxe5 18.Nf5 Bxg1 19.Rxg1 g6 20.Qg3 Kf8 21.Ne3 Nc6 22.Qg5 Qe7
23.Rad1 Nd4 24.Rgf1 Ng8 25.Qg3 Nf6 26.Ncd5 Nxd5 27.Nxd5 Bxd5 28.exd5 Nf5
29.Qf2 Nd6 30.b3 Kg7 31.c4 bxc4 32.bxc4 e4 33.Be2 Nf5 34.d6 Qe5 35.Rd5 Qe6
36.d7 Rhd8 37.Rfd1 e3 38.Qf3 Ra7 39.Bd3 Raxd7 40.Bxf5 gxf5 41.Qg3+ Kf8 42.Rxd7 Rxd7
43.Qb8+ Ke7 44.Qb4+ Ke8 45.Qb8+ Ke7 46.Qb4+ Rd6 47.Re1 Qe4 48.Kg1 Ke6 49.Qb3 Rd3
50.Qb6+ Ke7 51.Qc7+ Kf6 52.Qb6+ Kg7 53.Qb2+ Kg6 54.Qb6+ Qe6 55.c5 Rxa3  1/2-1/2

[Event "HUN-chT1 9596"]
[Site "HUN"]
[Date "1996.??.??"]
[Round "12"]
[White "Farkas, Gyula"]
[Black "Izsak, Gyula"]
[Result "0-1"]
[WhiteElo "2215"]
[BlackElo "2445"]

1.e4 c5 2.Nf3 e6 3.Nc3 a6 4.d4 cxd4 5.Nxd4 Qc7 6.g3 Bb4 7.Ne2 Nf6 8.Bg2 Be7
9.Bf4 d6 10.Qd2 Nc6 11.O-O O-O 12.h3 Ne5 13.g4 b5 14.Ng3 Bb7 15.Bxe5 dxe5
16.g5 Ne8 17.h4 Rc8 18.a3 Nd6 19.a4 Nc4 20.Qc1 Nxb2 21.Qxb2 Qxc3 22.Qxc3 Rxc3
23.axb5 axb5 24.Rfb1 b4 25.Ra7 Rb8 26.Rb2 Rxg3 27.Rxb7 Rxg2+  0-1

[Event "HUN-chT1 9697"]
[Site "Hungary"]
[Date "1996.??.??"]
[Round "2"]
[White "Pergel, Laszlo"]
[Black "Hever, Miklos"]
[Result "1-0"]
[WhiteElo "2210"]
[BlackElo "2310"]

1.e4 c5 2.Nf3 e6 3.Nc3 a6 4.d4 cxd4 5.Nxd4 d6 6.g3 Nf6 7.Bg2 Be7 8.O-O O-O
9.f4 Qc7 10.g4 Nc6 11.Nxc6 Qxc6 12.Kh1 Ne8 13.g5 b5 14.e5 d5 15.Nxd5 exd5
16.Bxd5 Qg6 17.Bxa8 Bf5 18.Bg2 Bxc2 19.Qd7 Bc5 20.f5 Qb6 21.Qd2  1-0

[Event "HUN-chT1 9697"]
[Site "Hungary"]
[Date "1996.??.??"]
[Round "2"]
[White "Egedi, Istvan"]
[Black "Anka, Emil"]
[Result "1/2-1/2"]
[WhiteElo "2305"]
[BlackElo "2405"]

1.e4 c5 2.Nc3 e6 3.Nf3 a6 4.d4 cxd4 5.Nxd4 Qc7 6.Bd3 Nc6 7.Nxc6 dxc6 8.O-O e5
9.Kh1 Be6 10.Qe2 Bd6 11.f4 f6 12.f5 Bf7 13.Be3 g5 14.Rad1  1/2-1/2

[Event "Imperia op"]
[Site "Imperia"]
[Date "1996.??.??"]
[Round "7"]
[White "Mrdja, Milan"]
[Black "Micheli, Carlo"]
[Result "1-0"]
[WhiteElo "2455"]
[BlackElo "2305"]

1.e4 c5 2.Nf3 e6 3.d4 cxd4 4.Nxd4 a6 5.Nc3 Qc7 6.g3 Nf6 7.Bg2 d6 8.O-O Be7
9.a4 Bd7 10.a5 Nc6 11.Nb3 Nb4 12.Be3 Rc8 13.Bb6 Qb8 14.h3 O-O 15.g4 Bc6 16.g5 Nd7
17.Be3 Ne5 18.Qe2 d5 19.Nd4 dxe4 20.Nxc6 Nbxc6 21.Nxe4 Ng6 22.c3 Nf4 23.Qg4 Nd5
24.Bd2 Ne5 25.Qe2 Nc4 26.Bc1 Rfd8 27.b3 Nd6 28.c4 Nb4 29.Bf4 Qa7 30.Be3 Qb8
31.Bb6 Re8 32.Nc5 Nf5 33.Nd7 Qf4 34.Qg4 Bxg5 35.Bxb7 Rcd8 36.Bxd8 Rxd8 37.Qxf4 Bxf4
38.Rfd1 Nd6  1-0

[Event "ISR-chT"]
[Site "Israel"]
[Date "1996.??.??"]
[Round "1"]
[White "Rechlis, Gad"]
[Black "Soffer, Ram"]
[Result "0-1"]
[WhiteElo "2510"]
[BlackElo "2530"]

1.e4 c5 2.Nf3 e6 3.Nc3 a6 4.d4 cxd4 5.Nxd4 Qc7 6.Be2 Nc6 7.O-O Nf6 8.Be3 Bb4
9.Na4 Be7 10.Nxc6 bxc6 11.Nb6 Rb8 12.Nxc8 Qxc8 13.e5 Nd5 14.Bc1 Bc5 15.Bd3 Qc7
16.Qe2 Bd4 17.Re1 Bxb2 18.Bxb2 Rxb2 19.Bxa6 O-O 20.Bd3 f5 21.Qd2 Ra8 22.Bc4 Qa5
23.Qxa5 Rxa5 24.Bb3 Nb6 25.Rad1 Kf8 26.c4 Ke7 27.f4 Na4 28.Rb1 Rxb1 29.Rxb1 Nc5
30.Kf2 g5 31.fxg5 Ne4+ 32.Ke3 Nxg5 33.Kf4 Nf7 34.Re1 Nh8 35.Kg5 Ng6 36.Kh6 Nxe5
37.Kxh7 Kf6 38.h4 d6 39.c5 Ra7+ 40.Kg8 Rg7+ 41.Kf8 Re7 42.Rxe5 dxe5 43.h5 e4
44.h6 Rb7  0-1

[Event "Jakarta Gunadarma"]
[Site "Jakarta"]
[Date "1996.??.??"]
[Round "1"]
[White "Liu Dede"]
[Black "Gunawan, Ruben"]
[Result "1/2-1/2"]
[WhiteElo "2405"]
[BlackElo "2425"]

1.e4 c5 2.Nf3 e6 3.d4 cxd4 4.Nxd4 a6 5.Nc3 Qc7 6.Be2 b5 7.O-O Bb7 8.Bf3 b4
9.Nce2 Bd6 10.Ng3 Ne7 11.a3 bxa3 12.b3 O-O 13.Bxa3 Bxa3 14.Rxa3 d5 15.exd5 Nxd5
16.c4 Nf4 17.Bxb7 Qxb7 18.Qf3 Qxf3 19.Nxf3 Nc6 20.Rfa1 Rfd8 21.Ne1 a5 22.Ne4 Rab8
23.Nc5 h6 24.Kf1 e5 25.g3 Ne6 26.Nxe6 fxe6 27.Rc1 Rd2 28.Rc2 Rd1 29.Re2 Kf7
30.Kg2 Kf6 31.Re3 Rb1 32.Nf3 Rb2 33.Ng1 Rd8 34.Re2 Rdd2 35.Rxd2 Rxd2 36.Kf1 Rb2
37.Ne2 e4 38.Nc3 Ke5 39.Nd1 Rb1 40.Ke1 Kd6 41.Kd2 Nd4 42.Rxa5 Nxb3+ 43.Kc2 Nxa5
44.Kxb1 Nxc4 45.Kc2 Ne5 46.h4 Nf3 47.Nc3 Ke5 48.Kd1 Nd4 49.Kd2 Nf5 50.Nd1 Kf6
51.Ke2 Kg6 52.Kf1 e3 53.Ke2 exf2 54.Kxf2 Kf6 55.Kf3 Ke5 56.Nc3 Nd4+ 57.Ke3 Nc2+
58.Kf3 h5 59.Ne4 Nd4+ 60.Ke3 Nf5+ 61.Kf3 Nd6 62.Ng5 Kf5 63.Nh3 e5 64.Nf2 e4+
65.Kg2 Nc4 66.Nh3 Ne3+ 67.Kf2 Kg4 68.Ng5 Nd1+ 69.Ke2 Nc3+ 70.Kd2 Nd5 71.Nxe4 Nf6
72.Nd6 g6 73.Nf7 Ne4+ 74.Ke3 Nxg3 75.Ne5+ Kf5 76.Nc6 Kf6 77.Kf4 Nf5 78.Ne5 Nxh4
79.Nd7+ Ke7 80.Nc5 Kf7 81.Nd7 Ke6 82.Nc5+ Kd5 83.Nd7 Kd6 84.Nf6 Ng2+ 85.Kg3 Ke6
86.Nxh5  1/2-1/2

[Event "ISR-ch"]
[Site "Jerusalem"]
[Date "1996.??.??"]
[Round "3"]
[White "Zaltz, Dov"]
[Black "Rotman, Daniel"]
[Result "1-0"]
[WhiteElo "2260"]
[BlackElo "2345"]

1.e4 c5 2.Nf3 e6 3.d4 cxd4 4.Nxd4 a6 5.Nc3 Qc7 6.Be3 Nf6 7.a3 d6 8.g4 h6
9.f3 Nc6 10.Qd2 b5 11.h4 Bb7 12.O-O-O Ne5 13.Rg1 g6 14.g5 hxg5 15.hxg5 Nh5
16.f4 Nc4 17.Bxc4 Qxc4 18.f5 Rc8 19.Nb3 Qc7 20.Kb1 Be7 21.Qd4 O-O 22.f6 Bd8
23.Qxd6 Qxd6 24.Rxd6 a5 25.Nc5 Bc6 26.b4 axb4 27.axb4 Bb6 28.Kb2 Ba7 29.Rd3 Bb8
30.Nd7 Bxd7 31.Rxd7 Rc4 32.Kb3 Rfc8 33.Bc5 Ng3 34.Nxb5 R4xc5 35.bxc5 Nxe4
36.c6 Bh2 37.Rgd1 Rxc6 38.Rd8+ Kh7 39.Rh1  1-0

[Event "Jyvaskyla op2"]
[Site "Jyvaskyla"]
[Date "1996.??.??"]
[Round "7"]
[White "Maidla, Vallo"]
[Black "Ivanov, Mikhail M"]
[Result "1/2-1/2"]
[WhiteElo "2370"]
[BlackElo "2375"]

1.e4 c5 2.Nf3 e6 3.Nc3 a6 4.d4 cxd4 5.Nxd4 b5 6.g3 Bb7 7.Bg2 Nf6 8.Qe2 d6
9.O-O Nbd7 10.Nxe6 fxe6 11.e5 Bxg2 12.exf6 Qxf6 13.Kxg2 Be7 14.Re1 Rf8 15.Bf4 Nc5
16.Rad1 Rd8 17.h4 h6 18.b4 Qxc3 19.bxc5 Rf6 20.cxd6 Bxd6 21.Qh5+ Ke7 22.Bxd6+ Rxd6
23.Qg4 Qc6+ 24.Kg1 Qf3 25.Qxf3 Rxf3 26.Rxd6 Kxd6 27.a4 bxa4 28.Re4 Ra3 29.Rg4 Ra2
30.c3 Ra3 31.Kg2 Rxc3 32.Rxg7 a3 33.Rg4 Kc5 34.Re4 Kb5 35.g4 a2 36.Re1 Kb4
37.f4 Kb3 38.g5 hxg5 39.fxg5 Kb2 40.g6 a1=Q 41.Rxa1 Kxa1 42.g7 Rc2+ 43.Kf3 Rc3+
44.Kf4 e5+ 45.Kxe5 Rg3 46.Kf6 Rf3+ 47.Ke7  1/2-1/2

[Event "IND-ch"]
[Site "Kasaragod"]
[Date "1996.??.??"]
[Round "9"]
[White "Ramesh, RB."]
[Black "Kunte, Abhijit"]
[Result "1-0"]
[WhiteElo "2415"]
[BlackElo "2345"]

1.e4 c5 2.Nf3 e6 3.d4 cxd4 4.Nxd4 a6 5.Nc3 Qc7 6.Bd3 Nf6 7.f4 Bb4 8.O-O Bc5
9.Be3 d6 10.Kh1 Nc6 11.e5 dxe5 12.Ndb5 axb5 13.Bxc5 Nd4 14.fxe5 Qxc5 15.exf6 Qe5
16.Qg4 g6 17.Rae1 Qc5 18.Qf4 Nf5 19.Nxb5 Ra5 20.b4  1-0

[Event "JUG-ch sf"]
[Site "Kladovo"]
[Date "1996.??.??"]
[Round "?"]
[White "Mujagic, Ramo"]
[Black "Pikula, Dejan"]
[Result "0-1"]
[WhiteElo "2380"]
[BlackElo "2455"]

1.e4 c5 2.Nf3 e6 3.d4 cxd4 4.Nxd4 a6 5.Nc3 Qc7 6.g3 Bb4 7.Ne2 Nf6 8.Bg2 Be7
9.O-O O-O 10.Nd4 Nc6 11.Re1 d6 12.h3 Bd7 13.Nce2 Rfd8 14.Nxc6 Bxc6 15.Nd4 Be8
16.Qe2 Rac8 17.c3 Nd7 18.f4 g6 19.h4 e5 20.Nc2 exf4 21.Bxf4 Qb6+ 22.Ne3 Ne5
23.Kh2 Bc6 24.c4 Bf8 25.Rac1 Re8 26.Nd5 Bxd5 27.cxd5 Bg7 28.b3 h5 29.Bxe5 Bxe5
30.Bh3 Rc5 31.Kg2 Bc3 32.Rf1 Qb4 33.Qf3 Qxe4 34.Qxe4 Rxe4 35.Rf3 Bd4 36.Rxc5 Bxc5
37.Bc8 Re7 38.b4 Bxb4 39.Rb3 a5 40.a3 Rc7 41.Bh3 Bc5 42.g4 a4 43.Rd3 b5 44.gxh5 gxh5
45.Bf5 Rb7 46.Rg3+ Kf8 47.Kh3 b4 48.axb4 Rxb4 49.Bh7 Rb2 50.Bd3 a3 51.Bc4 a2  0-1

[Event "JUG-ch sf"]
[Site "Kladovo"]
[Date "1996.??.??"]
[Round "?"]
[White "Mitrovic, Petar"]
[Black "Abramovic, Bosko"]
[Result "1/2-1/2"]
[WhiteElo "2365"]
[BlackElo "2490"]

1.e4 c5 2.Nf3 e6 3.Nc3 a6 4.d4 cxd4 5.Nxd4 Nc6 6.Bf4 d6 7.Nb3 Nf6 8.Qe2 Be7
9.O-O-O Qc7 10.Rg1 b5 11.g4 Ne5 12.g5 Nfd7 13.Nd4 Nb6 14.Rg3 Bd7 15.Qh5 Rc8
16.a3 Nbc4 17.Bxc4 Qxc4 18.Bxe5 dxe5 19.Nf3 g6 20.Qh6 Bf8 21.Nxe5 Qc7 22.Nxd7 Bxh6
23.gxh6 Ke7 24.e5 Rhd8 25.Rgd3 a5 26.R3d2 b4 27.Ne4 bxa3 28.bxa3 Qc4 29.Ndf6 Qa2
30.Rd7+ Rxd7 31.Rxd7+ Kf8 32.Nxh7+ Kg8 33.Nhf6+ Kh8 34.c3 Rb8 35.Nd2 Qxa3+
36.Kd1 Rf8 37.Nde4 Qb3+ 38.Kd2 Qb2+ 39.Kd1 Qb5 40.Nd6 Qf1+ 41.Kd2 Qxf2+ 42.Kd3 Qf3+
43.Kd2 Qg2+ 44.Kd3 Qh3+ 45.Kd4 Qxh6 46.Nxf7+ Rxf7 47.Rxf7 Qf4+ 48.Kd3  1/2-1/2

[Event "JUG-ch sf"]
[Site "Kladovo"]
[Date "1996.??.??"]
[Round "?"]
[White "Todorovic, Goran M"]
[Black "Solak, Dragan"]
[Result "1/2-1/2"]
[WhiteElo "2470"]
[BlackElo "2365"]

1.e4 c5 2.Nf3 e6 3.d4 cxd4 4.Nxd4 a6 5.Nc3 Qc7 6.Bd3 Nc6 7.Be3 Nf6 8.O-O Be7
9.f4 Nxd4 10.Bxd4 Bc5 11.Bxc5 Qxc5+ 12.Kh1 d6 13.Qe1 e5 14.Qh4 exf4 15.Nd5 Nxd5
16.exd5 Qxd5 17.Rxf4 g5 18.Qh5 Be6 19.Bc4 Qe5 20.Rxf7 O-O-O 21.Bxe6+ Qxe6
22.Qf3 d5 23.Rf1 Kb8 24.Qb3 Rd7 25.Qg3+ Ka8 26.Rxd7 Qxd7 27.Qxg5 Re8 28.h3 d4
29.Qc5 d3 30.cxd3 Qxd3 31.Qf5 Qe2 32.Qf2 Qb5 33.Rc1 h5 34.b3 Qb4 35.Rd1 Qb5
36.Kh2 Qg5 37.Rd4 Rc8 38.Qf4 Qg7 39.a4 Rf8 40.Rd7 Qxg2+ 41.Kxg2 Rxf4 42.Rd5 h4
43.Rg5  1/2-1/2

[Event "Koszalin op"]
[Site "Koszalin"]
[Date "1996.??.??"]
[Round "1"]
[White "Waschk, Armin"]
[Black "Forintos, Gyozo V"]
[Result "0-1"]
[WhiteElo "2205"]
[BlackElo "2425"]

1.e4 c5 2.Nf3 e6 3.d4 cxd4 4.Nxd4 a6 5.Nc3 Qc7 6.Be2 b5 7.a3 Bb7 8.O-O Nf6
9.Bf3 d6 10.g3 Be7 11.Be3 O-O 12.Qe2 Nbd7 13.Rad1 Ne5 14.Bg2 Nc4 15.Bc1 Nxa3
16.f4 Nc4 17.f5 b4 18.Nb1 e5 19.Nb3 a5 20.g4 a4 21.g5 axb3 22.cxb3 Na5 23.gxf6 Bxf6
24.Qg4 Nxb3 25.Bh6 Kh8 26.Bxg7+ Bxg7 27.f6 Bh6 28.Qh3 Rg8 29.Qxh6 Rg6 30.Qe3 Qc2
31.Rd2 Nxd2  0-1

[Event "Koszalin op"]
[Site "Koszalin"]
[Date "1996.??.??"]
[Round "9"]
[White "Bashkov, Viacheslav"]
[Black "Forintos, Gyozo V"]
[Result "0-1"]
[WhiteElo "2420"]
[BlackElo "2425"]

1.e4 c5 2.Nf3 e6 3.Nc3 a6 4.d4 cxd4 5.Nxd4 Qc7 6.g3 Nc6 7.Bg2 Nf6 8.O-O Bc5
9.Be3 Ne5 10.Bf4 d6 11.Nb3 Ba7 12.a4 h6 13.Qe2 Nc4 14.Bc1 e5 15.Kh1 h5 16.h3 Be6
17.f4 exf4 18.Nd5 Bxd5 19.exd5+ Kf8 20.Rxf4 Re8 21.Qf1 Ne3 22.Bxe3 Bxe3 23.Rc4 Qd7
24.Qf3 Ng4 25.Rf1 Ne5 26.Qxe3 Nxc4 27.Qf3 Ne3 28.Rf2 Rh6 29.Nd4 Rf6 30.Ne6+ Rexe6
31.dxe6 Qxe6  0-1

[Event "Lazne Bohdanec-B"]
[Site "Lazne Bohdanec"]
[Date "1996.??.??"]
[Round "1"]
[White "Valenta, Vit"]
[Black "Voloshin, Leonid"]
[Result "0-1"]
[WhiteElo "2320"]
[BlackElo "2420"]

1.e4 c5 2.Nf3 e6 3.d4 cxd4 4.Nxd4 a6 5.Nc3 Qc7 6.g3 Nf6 7.Bg2 Be7 8.O-O O-O
9.Qe2 d6 10.a4 Nc6 11.Nb3 b6 12.Qc4 Ra7 13.f4 Na5 14.Nxa5 bxa5 15.Qxc7 Rxc7
16.Be3 Bb7 17.Bb6 Rxc3 18.bxc3 Bxe4 19.Bxe4 Nxe4 20.Bxa5 Nd2 21.Rfd1 Nc4
22.Bb4 Rc8 23.a5 Kf8 24.Kf2 Ke8 25.Ke2 Kd7 26.Rab1 Bd8 27.Rd3 h5 28.h3 Bc7
29.Rd4 d5 30.Rxc4 dxc4 31.Rd1+ Ke8 32.Rd4 Bb8 33.Kf3 Rc6 34.g4 hxg4+ 35.hxg4 f5
36.Rd1 Bc7 37.Re1 Kf7 38.Rd1 fxg4+ 39.Kxg4 Kf6  0-1

[Event "Lazne Bohdanec-B"]
[Site "Lazne Bohdanec"]
[Date "1996.??.??"]
[Round "5"]
[White "Trichkov, Vasil"]
[Black "Pokorny, Tomas"]
[Result "1/2-1/2"]
[WhiteElo "2415"]
[BlackElo "2285"]

1.e4 c5 2.Nf3 e6 3.d4 cxd4 4.Nxd4 a6 5.Nc3 Qc7 6.Be2 b5 7.O-O Bb7 8.a3 Nc6
9.Be3 Nf6 10.f3 Bd6 11.g3 Bxg3 12.hxg3 Qxg3+ 13.Kh1 Qh3+ 14.Kg1 Qg3+  1/2-1/2